[Event "Tidlig Kort Paaske 2014"]
[Site "Skorping"]
[Date "2014.04.12"]
[Round "1"]
[White "Mikkelsen, Peter Jorgen Dam"]
[Black "Vangsgaard, Bjarke"]
[Result "1-0"]
[WhiteElo "2044"]
[BlackElo "1765"]
[PlyCount "61"]
[EventDate "2014.??.??"]

1. d4 d5 2. Bf4 e6 3. Nf3 f5 4. e3 Nf6 5. Bd3 Be7 6. O-O c5 7. c3 Nc6 8. Nbd2
Nh5 9. Be5 Nf6 10. Bb5 Bd7 11. Bxc6 Bxc6 12. h3 O-O 13. Bh2 Bd6 14. Bxd6 Qxd6
15. Ne5 Ne4 16. f3 Nf6 17. Qe2 Nd7 18. f4 Nf6 19. g4 a6 20. Qg2 b5 21. Kh1 Ra7
22. Rg1 Rb8 23. gxf5 exf5 24. Qg5 Ne4 25. Nxe4 fxe4 26. f5 Rf8 27. Raf1 Be8 28.
f6 g6 29. h4 Kh8 30. h5 Rg8 31. f7 1-0

[Event "Tidlig Kort Paaske 2014"]
[Site "Skorping"]
[Date "2014.04.12"]
[Round "1"]
[White "Westenborg, Allan"]
[Black "Jensen, Stig Gorm"]
[Result "0-1"]
[WhiteElo "1702"]
[BlackElo "1994"]
[PlyCount "94"]
[EventDate "2014.??.??"]

1. d4 f5 2. c4 Nf6 3. Nc3 d6 4. Nf3 g6 5. Qc2 Bg7 6. g3 O-O 7. Bg2 Qe8 8. O-O
e5 9. dxe5 dxe5 10. Be3 e4 11. Ne1 Na6 12. Rd1 Be6 13. b3 c6 14. f3 exf3 15.
Rxf3 Qe7 16. Kh1 Ng4 17. Bg1 Nb4 18. Qb1 Rfd8 19. Rxd8+ Qxd8 20. Na4 Bf7 21. a3
Na6 22. Rd3 Qe7 23. Qd1 Ne5 24. Rd6 Bf8 25. c5 Nc7 26. Rd2 Bd5 27. Bxd5+ Nxd5
28. Ng2 Bh6 29. Rd4 Re8 30. Rxd5 cxd5 31. Qxd5+ Qf7 32. Nc3 Qxd5 33. Nxd5 Kf7
34. Ngf4 Bxf4 35. gxf4 Nc6 36. e3 Rd8 37. Nc7 Rd3 38. b4 Rxa3 39. Nb5 Rd3 40.
Nd6+ Rxd6 41. cxd6 Nxb4 42. e4 fxe4 43. Bxa7 Ke6 44. Bc5 Nd5 45. Kg1 Nxf4 46.
Kf1 Nd3 47. Ba3 b5 0-1

[Event "Tidlig Kort Paaske 2014"]
[Site "Skorping"]
[Date "2014.04.12"]
[Round "1"]
[White "Schoning, Lars"]
[Black "Dahl, Steve"]
[Result "1/2-1/2"]
[WhiteElo "1956"]
[BlackElo "1807"]
[PlyCount "71"]
[EventDate "2014.??.??"]

1. d4 Nf6 2. c4 g6 3. Nc3 Bg7 4. Bg5 h6 5. Bh4 g5 6. Bg3 Nh5 7. Be5 f6 8. e3
O-O 9. Bxc7 Qxc7 10. Qxh5 Nc6 11. a3 e6 12. Bd3 a6 13. h4 Ne7 14. Nf3 d5 15.
hxg5 fxg5 16. Nxg5 Nf5 17. Nf3 dxc4 18. Be4 Qf7 19. Qg4 Qf6 20. Ne5 Nxd4 21. f4
Nc6 22. Nxc4 e5 23. Bd5+ Kh8 24. Qf3 exf4 25. Qxf4 Qxf4 26. exf4 Rxf4 27. Nd6
Bg4 28. Nf7+ Kh7 29. Ng5+ Kg6 30. Nf3 Re8+ 31. Kf2 Bxf3 32. gxf3 Bd4+ 33. Kg3
Be5 34. Kf2 Bd4+ 35. Kg3 Be5 36. Kf2 1/2-1/2

[Event "Tidlig Kort Paaske 2014"]
[Site "Skorping"]
[Date "2014.04.12"]
[Round "1"]
[White "Hansen, Norman Asger"]
[Black "Jacobsen, Hans Endrup"]
[Result "1-0"]
[WhiteElo "1654"]
[BlackElo "1947"]
[PlyCount "111"]
[EventDate "2014.??.??"]

1. d4 Nf6 2. c4 e6 3. Nc3 Bb4 4. Bg5 h6 5. Bh4 g5 6. Bg3 Ne4 7. Qc2 Bxc3+ 8.
bxc3 Nxg3 9. hxg3 d6 10. Nf3 Qe7 11. e3 Nd7 12. Bd3 e5 13. Bf5 Qf6 14. g4 c6
15. Nd2 Nb6 16. Ne4 Qe7 17. Ng3 Be6 18. Bxe6 Qxe6 19. c5 dxc5 20. dxc5 Nd7 21.
Nf5 O-O-O 22. Nd6+ Kb8 23. Qf5 Qxf5 24. gxf5 Rdf8 25. Ne4 g4 26. Rd1 Kc7 27.
Ke2 h5 28. f3 gxf3+ 29. Kxf3 Rfg8 30. g3 b6 31. cxb6+ axb6 32. Rxd7+ Kxd7 33.
Nf6+ Kd6 34. Nxg8 Rxg8 35. Rxh5 Ra8 36. Rh6+ Kc5 37. Rf6 Rxa2 38. Rxf7 Kd6 39.
g4 b5 40. g5 Ra1 41. g6 Rg1 42. Rf6+ Kd5 43. e4+ Kc4 44. Rxc6+ Kd3 45. Rc5 Rf1+
46. Kg2 Rf4 47. Rxe5 Kxc3 48. Kg3 Rf1 49. Rxb5 Kd4 50. Rb4+ Ke5 51. Kh4 Kf6 52.
Rb6+ Ke5 53. Kg5 Rg1+ 54. Kh6 Rh1+ 55. Kg7 Kxe4 56. f6 1-0

[Event "Tidlig Kort Paaske 2014"]
[Site "Skorping"]
[Date "2014.04.12"]
[Round "1"]
[White "Davidsen, Niels Chr"]
[Black "Balslev, Uffe"]
[Result "1-0"]
[WhiteElo "1933"]
[BlackElo "1653"]
[PlyCount "111"]
[EventDate "2014.??.??"]

1. e4 c5 2. a3 e6 3. b4 b6 4. bxc5 bxc5 5. Bb2 Bb7 6. Nc3 Nc6 7. Nf3 Nge7 8.
Bc4 Ng6 9. O-O Be7 10. d4 O-O 11. d5 Nce5 12. Nxe5 Nxe5 13. Ba2 Ba6 14. Re1 Bd6
15. f4 Nc4 16. Bxc4 Bxc4 17. e5 Bc7 18. d6 Ba5 19. Re3 Rb8 20. Bc1 f5 21. Na4
Rb5 22. Nb2 Rxb2 23. Bxb2 Qb6 24. Bc3 Rb8 25. Bxa5 Qxa5 26. Rb1 Rxb1 27. Qxb1
Qd2 28. Qe1 Qxc2 29. Rc3 Qa4 30. Qc1 Bd5 31. Rxc5 Qe4 32. Rc2 a5 33. Rf2 Bc6
34. Rc2 Bd5 35. h3 Kf7 36. Qd2 h5 37. Rc5 a4 38. Rc7 Bc6 39. Qf2 h4 40. Rxc6
Qxc6 41. Qxh4 Kg6 42. Kh2 Qc1 43. Qg3+ Kh7 44. Qf3 Kh6 45. h4 Qc4 46. Qg3 Kh7
47. h5 Qe2 48. Qg6+ Kh8 49. h6 gxh6 50. Qxh6+ Kg8 51. Qg6+ Kf8 52. Qf6+ Kg8 53.
Qd8+ Kh7 54. Qxd7+ Kh8 55. Qd8+ Kh7 56. Qh4+ 1-0

[Event "Tidlig Kort Paaske 2014"]
[Site "Skorping"]
[Date "2014.04.12"]
[Round "1"]
[White "Pedersen, Jesper Christian"]
[Black "Vangsgaard, Claus"]
[Result "0-1"]
[WhiteElo "1524"]
[BlackElo "1863"]
[PlyCount "56"]
[EventDate "2014.??.??"]

1. e4 c6 2. Nc3 d5 3. exd5 cxd5 4. d4 Bf5 5. Bf4 Nc6 6. Bb5 e6 7. Nf3 Bb4 8.
Qd2 Nf6 9. Bg5 Qa5 10. Bxc6+ bxc6 11. Bxf6 gxf6 12. Nh4 Bg6 13. O-O Ke7 14. a3
Bxc3 15. bxc3 Rab8 16. Rfb1 Rb6 17. Rxb6 Qxb6 18. Nxg6+ hxg6 19. Qf4 Qb8 20.
Qxb8 Rxb8 21. f4 Rb2 22. g4 Rxc2 23. Rb1 Rxc3 24. Rb7+ Kf8 25. Rxa7 Rc4 26. a4
Rxd4 27. a5 Rxf4 28. h3 Ra4 0-1

[Event "Tidlig Kort Paaske 2014"]
[Site "Skorping"]
[Date "2014.04.12"]
[Round "1"]
[White "Simonsen, Regnar"]
[Black "Saliev, Ramadan"]
[Result "1-0"]
[WhiteElo "1836"]
[BlackElo "1193"]
[PlyCount "93"]
[EventDate "2014.??.??"]

1. d4 Nf6 2. c4 e6 3. Nf3 d5 4. e3 Ne4 5. a3 c5 6. Bd3 Qa5+ 7. Nbd2 Be7 8. O-O
Nxd2 9. Bxd2 Qc7 10. cxd5 exd5 11. dxc5 O-O 12. Qc2 g6 13. Rac1 Bg4 14. Nd4 Rc8
15. b4 a6 16. Qb3 Qd7 17. h3 Be6 18. Nxe6 Qxe6 19. e4 Rd8 20. Bf4 Nc6 21. exd5
Qxd5 22. Qxd5 Rxd5 23. Be4 Rd4 24. Bxc6 bxc6 25. Be5 Rd3 26. Rc3 Rad8 27. Rfc1
Bg5 28. Rxd3 Rxd3 29. Rc3 Rd1+ 30. Kh2 f6 31. Bc7 Kg7 32. f4 Bh6 33. Re3 Rd7
34. Bb8 Kf7 35. g3 Bf8 36. Rc3 Rd2+ 37. Kg1 f5 38. Be5 Be7 39. a4 Rb2 40. Rc4
h5 41. Bxb2 Ke6 42. Be5 Bf6 43. Bxf6 Kxf6 44. Rd4 Ke7 45. b5 axb5 46. axb5 cxb5
47. c6 1-0

[Event "Tidlig Kort Paaske 2014"]
[Site "Skorping"]
[Date "2014.04.12"]
[Round "1"]
[White "Andersen, Sten Bo"]
[Black "Rasmussen, Morten Thor"]
[Result "0-1"]
[WhiteElo "1167"]
[BlackElo "1810"]
[PlyCount "98"]
[EventDate "2014.??.??"]

1. e4 e5 2. Nf3 Nf6 3. Nxe5 d6 4. Nf3 Nxe4 5. d4 d5 6. h3 Bd6 7. Bd3 O-O 8. Be3
Nd7 9. O-O Ndf6 10. Nbd2 c6 11. Bxe4 dxe4 12. Ne5 Bf5 13. Re1 Re8 14. Nf1 Bxe5
15. dxe5 Rxe5 16. Qxd8+ Rxd8 17. Bxa7 Red5 18. Ne3 Re5 19. c3 Bg6 20. Rad1 Ree8
21. Bb6 Ra8 22. a3 h5 23. Rd6 Kh7 24. Red1 Re6 25. Rxe6 fxe6 26. Bd4 Rd8 27.
Bxf6 Rxd1+ 28. Nxd1 gxf6 29. g4 hxg4 30. hxg4 Kh6 31. Ne3 Kg5 32. Kg2 Kf4 33.
b4 b5 34. c4 Ke5 35. cxb5 cxb5 36. Kg3 Kd4 37. a4 bxa4 38. b5 Kc5 39. f3 Kxb5
40. f4 a3 41. f5 exf5 42. gxf5 Bh5 43. Kf4 a2 44. Nc2 Bf3 45. Nd4+ Kc4 46. Nc2
Kc3 47. Ne3 a1=Q 48. Nd5+ Kd2 49. Kg3 Qg1+ 0-1

[Event "Tidlig Kort Paaske 2014"]
[Site "Skorping"]
[Date "2014.04.12"]
[Round "1"]
[White "Vangsgaard, Freja"]
[Black "Lytzen, Lars Erik"]
[Result "1-0"]
[WhiteElo "1784"]
[BlackElo "1075"]
[PlyCount "41"]
[EventDate "2014.??.??"]

1. d4 d5 2. c4 c6 3. Nc3 Nf6 4. cxd5 Nxd5 5. e4 Nxc3 6. bxc3 e6 7. Nf3 Be7 8.
Be2 h6 9. O-O O-O 10. Bf4 Nd7 11. Qc2 b5 12. a4 Qb6 13. Rfb1 Ba6 14. axb5 cxb5
15. Qa2 Bb7 16. Rxb5 Qc6 17. Qb2 Nb6 18. Bd3 Rfc8 19. c4 Nxc4 20. Bxc4 Qxc4 21.
Rxb7 1-0

[Event "Tidlig Kort Paaske 2014"]
[Site "Skorping"]
[Date "2014.04.13"]
[Round "2"]
[White "Simonsen, Regnar"]
[Black "Mikkelsen, Peter Jorgen Dam"]
[Result "0-1"]
[WhiteElo "1836"]
[BlackElo "2044"]
[PlyCount "104"]
[EventDate "2014.??.??"]

1. d4 Nf6 2. c4 e5 3. Nf3 e4 4. Nfd2 Bb4 5. e3 O-O 6. Nc3 Bxc3 7. bxc3 d6 8.
Be2 c5 9. Qc2 Qe7 10. O-O Nc6 11. Rb1 b6 12. f3 exf3 13. Bxf3 Bd7 14. Ne4 Nxe4
15. Qxe4 Rae8 16. Qxe7 Rxe7 17. Rb2 Na5 18. Be2 Be6 19. d5 Bc8 20. Bd3 f5 21.
Rbf2 Ref7 22. g4 g6 23. g5 Kg7 24. Rf4 Bd7 25. Bd2 a6 26. Be1 b5 27. cxb5 c4
28. bxa6 cxd3 29. c4 Nxc4 30. Rxc4 Bb5 31. Bc3+ Kg8 32. Rb4 Bxa6 33. Rd1 Rc8
34. Bf6 Rfc7 35. Rd4 Rc1 36. Rxc1 Rxc1+ 37. Kf2 Rc2+ 38. Ke1 Rxa2 39. Rb4 Kf7
40. Rb6 Bc4 41. Rb7+ Ke8 42. Rb2 Ra3 43. Kd2 Bxd5 44. Bc3 Be4 45. h4 Kd7 46.
Bd4 Ra8 47. Rb4 Ke6 48. Rb5 Ra2+ 49. Rb2 Ra4 50. Kc3 Ra1 51. Rf2 Rh1 52. Rf4
Rh2 0-1

[Event "Tidlig Kort Paaske 2014"]
[Site "Skorping"]
[Date "2014.04.13"]
[Round "2"]
[White "Jensen, Stig Gorm"]
[Black "Vangsgaard, Freja"]
[Result "1-0"]
[WhiteElo "1994"]
[BlackElo "1784"]
[PlyCount "77"]
[EventDate "2014.??.??"]

1. d4 Nf6 2. Nf3 b6 3. g3 Bb7 4. Bg2 g6 5. O-O Bg7 6. Re1 O-O 7. Nbd2 d6 8. e4
Nbd7 9. e5 dxe5 10. dxe5 Ng4 11. e6 fxe6 12. Ng5 Nxf2 13. Qe2 Nh3+ 14. Nxh3
Bd4+ 15. Kh1 Bxg2+ 16. Kxg2 Nc5 17. Nf3 Rf5 18. Nxd4 Qxd4 19. Rd1 Qa4 20. Bf4
Raf8 21. Rf1 Qc6+ 22. Kg1 Ne4 23. Rae1 Qc5+ 24. Qe3 Qxe3+ 25. Rxe3 Nc5 26. b4
Na6 27. a3 h6 28. Rfe1 g5 29. Be5 c5 30. b5 Nb8 31. Bxb8 Rxb8 32. Rxe6 Rf3 33.
Rxe7 Rxa3 34. R1e6 Rc3 35. Rxh6 Rd8 36. Nxg5 Rxc2 37. Rg6+ Kf8 38. Rf7+ Ke8 39.
Rg8# 1-0

[Event "Tidlig Kort Paaske 2014"]
[Site "Skorping"]
[Date "2014.04.13"]
[Round "2"]
[White "Jacobsen, Hans Endrup"]
[Black "Schoning, Lars"]
[Result "1/2-1/2"]
[WhiteElo "1947"]
[BlackElo "1956"]
[PlyCount "80"]
[EventDate "2014.??.??"]

1. e4 c5 2. Nc3 e6 3. f4 d5 4. Bb5+ Bd7 5. Bxd7+ Qxd7 6. Nf3 dxe4 7. Nxe4 Nc6
8. O-O Be7 9. d3 Nf6 10. Kh1 O-O 11. Bd2 Rad8 12. Qe1 Qc7 13. Ne5 Nd5 14. Qg3
Nd4 15. c3 Nf5 16. Qf3 Nf6 17. Rad1 Qb6 18. Bc1 Qa6 19. a3 Nd6 20. Nxc5 Qb5 21.
Ne4 Ndxe4 22. dxe4 Rxd1 23. Rxd1 Rd8 24. Rxd8+ Bxd8 25. c4 Qb6 26. Qd3 h6 27.
h3 Qc7 28. b3 Be7 29. b4 Bd6 30. Bb2 b6 31. g3 Qb7 32. Kh2 Qxe4 33. Qxe4 Nxe4
34. Nc6 Nd2 35. Nxa7 Nxc4 36. Bc1 Kf8 37. Nb5 Be7 38. Kg2 Ke8 39. Kf3 Kd7 40.
Ke4 Bf6 1/2-1/2

[Event "Tidlig Kort Paaske 2014"]
[Site "Skorping"]
[Date "2014.04.13"]
[Round "2"]
[White "Rasmussen, Morten Thor"]
[Black "Davidsen, Niels Chr"]
[Result "1-0"]
[WhiteElo "1810"]
[BlackElo "1933"]
[PlyCount "65"]
[EventDate "2014.??.??"]

1. e4 c5 2. c3 g6 3. d4 cxd4 4. cxd4 Bg7 5. Nf3 Nf6 6. Nc3 O-O 7. e5 Ne8 8. Bc4
d6 9. Qb3 e6 10. Bg5 Qd7 11. O-O d5 12. Bd3 Nc6 13. Rac1 h6 14. Bf4 g5 15. Be3
f5 16. exf6 Bxf6 17. Ne2 Qg7 18. h3 Nd6 19. g4 Bd7 20. Rfd1 Rf7 21. Ng3 Be7 22.
Rxc6 Rxf3 23. Rc2 Bc6 24. a4 Nc4 25. Rxc4 dxc4 26. Bxc4 Bd7 27. Bxe6+ Bxe6 28.
Qxe6+ Qf7 29. Qxf7+ Rxf7 30. Nf5 Kh7 31. d5 Bf6 32. b3 Rc8 33. Nd6 1-0

[Event "Tidlig Kort Paaske 2014"]
[Site "Skorping"]
[Date "2014.04.13"]
[Round "2"]
[White "Vangsgaard, Claus"]
[Black "Hansen, Norman Asger"]
[Result "1-0"]
[WhiteElo "1863"]
[BlackElo "1654"]
[PlyCount "92"]
[EventDate "2014.??.??"]

1. d4 Nf6 2. Bg5 e6 3. Nf3 d6 4. e3 Be7 5. Bd3 Bd7 6. c4 Bc6 7. Nc3 b6 8. Qc2
Nbd7 9. e4 e5 10. h3 Bb7 11. Rd1 exd4 12. Nxd4 h6 13. Be3 Nc5 14. Nf5 Nxd3+ 15.
Qxd3 O-O 16. Bxh6 Ne8 17. Nxe7+ Qxe7 18. Be3 Nf6 19. f3 Rad8 20. Kd2 Rfe8 21.
Rhe1 Ba6 22. Kc2 Qe6 23. b3 c6 24. Kb1 d5 25. exd5 cxd5 26. Bf2 Qd6 27. Rxe8+
Rxe8 28. Bh4 Bb7 29. Bxf6 Qxf6 30. Nxd5 Bxd5 31. cxd5 Qd6 32. g4 Rd8 33. h4 a5
34. Qd4 b5 35. h5 Qa3 36. d6 a4 37. Qd3 axb3 38. Qxb3 Qa6 39. d7 Qb7 40. Qd5
Qb6 41. g5 Qa5 42. g6 Qb4+ 43. Qb3 Qxb3+ 44. axb3 fxg6 45. hxg6 Kf8 46. Kc2 Ke7
1-0

[Event "Tidlig Kort Paaske 2014"]
[Site "Skorping"]
[Date "2014.04.13"]
[Round "2"]
[White "Vangsgaard, Bjarke"]
[Black "Saliev, Ramadan"]
[Result "1-0"]
[WhiteElo "1765"]
[BlackElo "1193"]
[PlyCount "35"]
[EventDate "2014.??.??"]

1. d4 Nf6 2. Bf4 e6 3. Nf3 d5 4. e3 Bd6 5. Bg3 a6 6. c4 c5 7. Nc3 b6 8. Ne5 Bb7
9. Qa4+ Ke7 10. O-O-O dxc4 11. dxc5 bxc5 12. Nxc4 Bc6 13. Bxd6+ Ke8 14. Qb3
Nbd7 15. Bxc5 Qc8 16. Nd6+ Kd8 17. Nxf7+ Kc7 18. Bd6# 1-0

[Event "Tidlig Kort Paaske 2014"]
[Site "Skorping"]
[Date "2014.04.13"]
[Round "2"]
[White "Dahl, Steve"]
[Black "Westenborg, Allan"]
[Result "1-0"]
[WhiteElo "1807"]
[BlackElo "1702"]
[PlyCount "105"]
[EventDate "2014.??.??"]

1. e4 d5 2. exd5 Qxd5 3. Nc3 Qd6 4. Nf3 c6 5. d4 Nf6 6. g3 Bg4 7. Bg2 e6 8. Bf4
Qd8 9. O-O Na6 10. Re1 Be7 11. Qd2 Bxf3 12. Bxf3 O-O 13. Rad1 Nc7 14. Qd3 Ncd5
15. Nxd5 Nxd5 16. Bd2 Bg5 17. c4 Bxd2 18. Rxd2 Nf6 19. d5 exd5 20. cxd5 cxd5
21. Bxd5 Qa5 22. Red1 Qb6 23. Qf3 Rad8 24. Bxb7 Rxd2 25. Rxd2 Qa5 26. b4 Qxb4
27. Re2 Rd8 28. Be4 h6 29. Bc2 Rc8 30. Qd3 g6 31. Bb3 Rc1+ 32. Kg2 Qb7+ 33. f3
Kg7 34. h3 Qb6 35. Qe3 Qc7 36. Qe7 Nh5 37. Qxc7 Rxc7 38. Re4 f5 39. Rd4 Nf6 40.
h4 g5 41. hxg5 hxg5 42. Kf2 Re7 43. Bc2 Re5 44. Ra4 a5 45. Rc4 Ng8 46. f4 gxf4
47. gxf4 Rd5 48. Bb3 Rd7 49. Rc5 Nf6 50. Rxa5 Ng4+ 51. Kg3 Rd3+ 52. Kh4 Kg6 53.
Bc2 1-0

[Event "Tidlig Kort Paaske 2014"]
[Site "Skorping"]
[Date "2014.04.13"]
[Round "2"]
[White "Balslev, Uffe"]
[Black "Andersen, Sten Bo"]
[Result "1-0"]
[WhiteElo "1653"]
[BlackElo "1167"]
[PlyCount "118"]
[EventDate "2014.??.??"]

1. e4 e5 2. d4 exd4 3. c3 Nc6 4. cxd4 Bb4+ 5. Nc3 Nf6 6. d5 Bxc3+ 7. bxc3 Ne5
8. Nf3 d6 9. Nxe5 dxe5 10. Bd3 Bg4 11. f3 Bh5 12. O-O O-O 13. Ba3 Re8 14. Bb5
c6 15. dxc6 Qb6+ 16. Rf2 Qxb5 17. cxb7 Qxb7 18. Rb1 Qc6 19. Rc2 Rad8 20. Qc1 h6
21. Rcb2 Rc8 22. Rb7 Qxc3 23. Qxc3 Rxc3 24. Rxa7 Rcc8 25. g4 Bg6 26. h4 h5 27.
g5 Nh7 28. Rbb7 Ra8 29. Bd6 Rxa7 30. Rxa7 Nf8 31. a4 f6 32. a5 f5 33. a6 fxe4
34. Rb7 exf3 35. a7 Be4 36. Rb8 Kf7 37. Kf2 Bd5 38. Rb5 Ke6 39. Rb6 Kd7 40. Bb8
e4 41. Rd6+ Kc8 42. Rxd5 e3+ 43. Kxf3 Kb7 44. Ke2 Ng6 45. Rd7+ Ka8 46. Rxg7
Nxh4 47. Rh7 Nf5 48. Rd7 h4 49. Rd5 Ng3+ 50. Bxg3 hxg3 51. g6 Kxa7 52. g7 Kb6
53. Rg5 Rg8 54. Kxe3 Kc6 55. Kf4 Kd6 56. Kf5 Ke7 57. Kg6 Ke6 58. Kh7 Kf6 59.
Rxg3 Kf7 1-0

[Event "Tidlig Kort Paaske 2014"]
[Site "Skorping"]
[Date "2014.04.13"]
[Round "2"]
[White "Lytzen, Lars Erik"]
[Black "Pedersen, Jesper Christian"]
[Result "1/2-1/2"]
[WhiteElo "1075"]
[BlackElo "1524"]
[PlyCount "76"]
[EventDate "2014.??.??"]

1. d4 d5 2. Nc3 Nf6 3. Bf4 c6 4. Nf3 Bf5 5. g3 e6 6. Bg2 Bb4 7. Bd2 Nbd7 8. O-O
h6 9. a3 Bxc3 10. Bxc3 Ne4 11. Bd2 g5 12. Ne1 Qc7 13. f3 Nxd2 14. Qxd2 Nb6 15.
b3 O-O-O 16. Nd3 Nd7 17. Rac1 f6 18. Rfe1 h5 19. e4 dxe4 20. fxe4 Bg4 21. Qf2
h4 22. e5 fxe5 23. dxe5 Rdf8 24. Qe3 Qb6 25. Qxb6 Nxb6 26. Nf2 Bf5 27. g4 Bg6
28. h3 Nd5 29. Bxd5 cxd5 30. c4 Kd7 31. Rcd1 Bc2 32. Rd2 Bxb3 33. cxd5 Bxd5 34.
Ne4 Rhg8 35. Nf6+ Ke7 36. Nxg8+ Rxg8 37. Rf1 Rc8 38. Rdf2 Rg8 1/2-1/2

[Event "Tidlig Kort Paaske 2014"]
[Site "Skorping"]
[Date "2014.04.13"]
[Round "3"]
[White "Mikkelsen, Peter Jorgen Dam"]
[Black "Vangsgaard, Claus"]
[Result "1-0"]
[WhiteElo "2044"]
[BlackElo "1863"]
[PlyCount "109"]
[EventDate "2014.??.??"]

1. c4 Nf6 2. Nc3 g6 3. d4 Bg7 4. e4 d6 5. f3 O-O 6. Be3 Nbd7 7. Nge2 e5 8. d5
Ne8 9. Qd2 f5 10. O-O-O f4 11. Bf2 a6 12. Kb1 Rf7 13. Nc1 Nf8 14. Be2 Bd7 15.
g3 b5 16. cxb5 axb5 17. Nxb5 Bxb5 18. Bxb5 fxg3 19. hxg3 Rxf3 20. Bc6 Rc8 21.
Qe2 Rf7 22. Ba7 Qe7 23. Rdf1 Rxf1 24. Rxf1 Nd7 25. Qg4 Rd8 26. Qe6+ Qxe6 27.
dxe6 Ndf6 28. e7 Rd7 29. Bxd7 Nxd7 30. b4 Bf6 31. Bf2 Bxe7 32. Nd3 Nef6 33. Re1
Kf7 34. a4 d5 35. exd5 Nxd5 36. Nxe5+ Nxe5 37. Rxe5 Nc3+ 38. Kc2 Bd6 39. Re3
Nxa4 40. Kb3 Nb6 41. Rf3+ Ke6 42. Bxb6 cxb6 43. Kc4 Ke5 44. g4 h6 45. Rf7 g5
46. Rb7 Kf4 47. Rxb6 Bxb4 48. Kxb4 Kxg4 49. Rxh6 Kg3 50. Kc3 g4 51. Kd2 Kf2 52.
Rf6+ Kg2 53. Ke2 g3 54. Rg6 Kh2 55. Kf1 1-0

[Event "Tidlig Kort Paaske 2014"]
[Site "Skorping"]
[Date "2014.04.13"]
[Round "3"]
[White "Rasmussen, Morten Thor"]
[Black "Jensen, Stig Gorm"]
[Result "0-1"]
[WhiteElo "1810"]
[BlackElo "1994"]
[PlyCount "52"]
[EventDate "2014.??.??"]

1. e4 e5 2. f4 Nf6 3. d3 Nc6 4. Nf3 d6 5. fxe5 dxe5 6. Bg5 Bc5 7. Nc3 h6 8. Bh4
g5 9. Bg3 Bg4 10. Qd2 Qe7 11. O-O-O O-O-O 12. Be1 Bb4 13. Qf2 Qe6 14. Kb1 Bxc3
15. Bxc3 Nxe4 16. Qe1 Nxc3+ 17. bxc3 Bxf3 18. gxf3 Qd5 19. Qe4 Qb5+ 20. Kc1 Qa5
21. Qf5+ Kb8 22. Qxf7 Qxc3 23. Qb3 Qc5 24. Bg2 Nd4 25. Qb2 Ne2+ 26. Kd2 Nf4 0-1

[Event "Tidlig Kort Paaske 2014"]
[Site "Skorping"]
[Date "2014.04.13"]
[Round "3"]
[White "Schoning, Lars"]
[Black "Vangsgaard, Bjarke"]
[Result "1/2-1/2"]
[WhiteElo "1956"]
[BlackElo "1765"]
[PlyCount "29"]
[EventDate "2014.??.??"]

1. d4 Nf6 2. c4 g6 3. Nc3 Bg7 4. Bg5 O-O 5. e3 d5 6. Bxf6 Bxf6 7. Nxd5 Bg7 8.
Nf3 c5 9. Be2 Nc6 10. Qb3 cxd4 11. Rd1 Qa5+ 12. Kf1 e6 13. Nf4 dxe3 14. fxe3
Qc7 15. Kf2 1/2-1/2

[Event "Tidlig Kort Paaske 2014"]
[Site "Skorping"]
[Date "2014.04.13"]
[Round "3"]
[White "Lytzen, Lars Erik"]
[Black "Jacobsen, Hans Endrup"]
[Result "0-1"]
[WhiteElo "1075"]
[BlackElo "1947"]
[PlyCount "85"]
[EventDate "2014.??.??"]

1. d4 Nf6 2. c4 e6 3. Nc3 Bb4 4. Bd2 c5 5. Nf3 O-O 6. a3 Bxc3 7. Bxc3 cxd4 8.
Qxd4 Ne8 9. e3 Nc6 10. Qe4 d6 11. Bd3 f5 12. Qh4 Qxh4 13. Nxh4 e5 14. g3 Be6
15. b3 Nc7 16. O-O g5 17. Ng2 d5 18. cxd5 Nxd5 19. Rac1 Nxc3 20. Rxc3 Rad8 21.
Rfc1 Rd6 22. Bc4 Bxc4 23. Rxc4 Rfd8 24. b4 Rd1+ 25. Ne1 e4 26. Kf1 Ne5 27. Rxd1
Rxd1 28. Rc8+ Kg7 29. Rc7+ Kf6 30. Ke2 Rd7 31. Rxd7 Nxd7 32. Nc2 Ne5 33. Nd4 a6
34. h3 h5 35. a4 Nc4 36. b5 a5 37. Nb3 b6 38. Ke1 Ke5 39. Nd2 Kd5 40. Kd1 Nxd2
41. Kxd2 Kc4 42. Kc2 Kb4 43. Kb2 0-1

[Event "Tidlig Kort Paaske 2014"]
[Site "Skorping"]
[Date "2014.04.13"]
[Round "3"]
[White "Davidsen, Niels Chr"]
[Black "Dahl, Steve"]
[Result "1/2-1/2"]
[WhiteElo "1933"]
[BlackElo "1807"]
[PlyCount "66"]
[EventDate "2014.??.??"]

1. e4 b6 2. Bc4 Bb7 3. d3 d5 4. exd5 Bxd5 5. Bxd5 Qxd5 6. Nf3 Nf6 7. O-O e6 8.
c4 Qb7 9. d4 Be7 10. Nc3 O-O 11. Qe2 Re8 12. h3 Nbd7 13. Bf4 c6 14. Ne5 c5 15.
Nb5 Rac8 16. Nxd7 Qxd7 17. Rad1 cxd4 18. Rxd4 Qb7 19. Bd6 a6 20. Bxe7 Qxe7 21.
Nd6 Rcd8 22. Rfd1 Rf8 23. b4 Rd7 24. c5 bxc5 25. bxc5 Rc7 26. Rc1 Rc6 27. Qe5
Qc7 28. Rdc4 Rd8 29. Qg5 h6 30. Qh4 Ne8 31. Qg3 Nxd6 32. cxd6 Rxc4 33. dxc7
Rxc1+ 1/2-1/2

[Event "Tidlig Kort Paaske 2014"]
[Site "Skorping"]
[Date "2014.04.13"]
[Round "3"]
[White "Hansen, Norman Asger"]
[Black "Simonsen, Regnar"]
[Result "0-1"]
[WhiteElo "1654"]
[BlackElo "1836"]
[PlyCount "130"]
[EventDate "2014.??.??"]

1. d4 d5 2. c4 e6 3. Nc3 Nf6 4. Bg5 c6 5. e3 Nbd7 6. Nf3 Be7 7. cxd5 exd5 8.
Be2 O-O 9. O-O Re8 10. a3 a5 11. Rc1 Nf8 12. Ne5 Bd6 13. Ng4 Be7 14. Nxf6+ Bxf6
15. Bxf6 Qxf6 16. Na4 Nd7 17. Bg4 Qd8 18. Bxd7 Bxd7 19. Nc5 Bc8 20. Qb3 Qg5 21.
Qd1 Bg4 22. f4 Qh4 23. Qd2 Qe7 24. Rc3 Bf5 25. Re1 Qc7 26. Rec1 Re7 27. Nd3
Bxd3 28. Qxd3 Re4 29. Qd2 Qe7 30. g3 Re8 31. Re1 h5 32. Qf2 Rxd4 33. Qf3 Qe4
34. Qxe4 Rdxe4 35. Rc5 a4 36. Ra5 g6 37. Ra7 R8e7 38. Rd1 Rxe3 39. Rxa4 Rb3 40.
Rd2 Re1+ 41. Kf2 Rb1 42. Rb4 Rxb4 43. axb4 Rh1 44. Ke3 Re1+ 45. Kf2 Re4 46. b5
Rc4 47. bxc6 bxc6 48. Ke3 f5 49. Kf3 Kf7 50. Re2 Rb4 51. Rc2 Rb3+ 52. Kg2 Rb6
53. h3 Ke6 54. Re2+ Kd6 55. g4 hxg4 56. hxg4 fxg4 57. Kg3 d4 58. Kxg4 c5 59.
Kf3 Kd5 60. Re5+ Kc4 61. Rg5 Rb3+ 62. Ke2 Rxb2+ 63. Ke1 Rb6 64. Kd2 Re6 65. Rg4
Re4 0-1

[Event "Tidlig Kort Paaske 2014"]
[Site "Skorping"]
[Date "2014.04.13"]
[Round "3"]
[White "Vangsgaard, Freja"]
[Black "Balslev, Uffe"]
[Result "1-0"]
[WhiteElo "1784"]
[BlackElo "1653"]
[PlyCount "99"]
[EventDate "2014.??.??"]

1. d4 Nf6 2. c4 g6 3. Nc3 Bg7 4. Bg5 d6 5. e3 Nbd7 6. Bd3 c5 7. Nf3 O-O 8. d5
Re8 9. Qc2 Nf8 10. O-O a6 11. h3 Bd7 12. a4 Qc8 13. Kh2 h6 14. Bh4 e5 15. dxe6
Rxe6 16. Ne4 Nxe4 17. Bxe4 Bc6 18. Bxc6 Qxc6 19. Rad1 Nd7 20. Bg3 Bf8 21. b3 b5
22. cxb5 axb5 23. Nd4 Qe4 24. Qxe4 Rxe4 25. Nxb5 Rb4 26. Bxd6 Rxb3 27. Bxf8
Nxf8 28. Ra1 Rb4 29. Nc3 Ne6 30. a5 Nd8 31. Nd5 Rb2 32. Kg3 Nc6 33. a6 Nb4 34.
Nc7 Ra7 35. Rfd1 c4 36. Rd8+ Kg7 37. Rd7 Kg8 38. Rd6 c3 39. Nb5 c2 40. Rc1 Rxa6
41. Rxa6 Nxa6 42. Nd4 Nb4 43. Ra1 Na2 44. Ne2 Kf8 45. Nc1 Ke7 46. Rxa2 Rxa2 47.
Nxa2 Kd6 48. Kf4 Kc5 49. Ke5 Kc4 50. Kf6 1-0

[Event "Tidlig Kort Paaske 2014"]
[Site "Skorping"]
[Date "2014.04.13"]
[Round "3"]
[White "Westenborg, Allan"]
[Black "Andersen, Sten Bo"]
[Result "0-1"]
[WhiteElo "1702"]
[BlackElo "1167"]
[PlyCount "114"]
[EventDate "2014.??.??"]

1. c4 Nf6 2. g3 e6 3. Bg2 Be7 4. b3 d5 5. Bb2 c6 6. e3 Nbd7 7. Ne2 Nc5 8. d4
Nce4 9. O-O O-O 10. f3 Nd6 11. c5 Nb5 12. a4 Nc7 13. Qc2 b5 14. cxb6 axb6 15.
Qxc6 Ra6 16. Rc1 Bd6 17. Ba3 b5 18. Qc3 Bxa3 19. Rxa3 Nfe8 20. Nd2 Bb7 21. Raa1
Rc6 22. Qb2 Rxc1+ 23. Rxc1 Nd6 24. Nf4 Qd7 25. Nd3 Na6 26. g4 f6 27. Nc5 Nxc5
28. dxc5 Nf7 29. Bf1 Bc6 30. a5 e5 31. h3 Qc7 32. b4 Ng5 33. Kg2 Ne6 34. Qb3
Kh8 35. Ra1 Ra8 36. a6 Qc8 37. a7 d4 38. e4 Nf4+ 39. Kf2 h5 40. Ra5 Qb7 41. Qa2
Kh7 42. Nb3 hxg4 43. hxg4 g5 44. Nc1 Kg6 45. Nd3 Qh7 46. Nxf4+ gxf4 47. Qe6
Qh2+ 48. Bg2 Qg3+ 49. Kf1 Bxe4 50. Ra3 Bc2 51. Qa2 Ba4 52. Rxa4 bxa4 53. Qc2+
Kg7 54. Qxa4 e4 55. Qa6 e3 56. Qb7+ Kh6 57. Qxa8 Qf2# 0-1